ភាគខាងត្បូងនិងតំបន់មាត់សមុទ្រកម្ពុជា / (Record no. 1527)
[ view plain ]
| 000 -LEADER | |
|---|---|
| fixed length control field | 02175nam a22002897a 4500 |
| 001 - CONTROL NUMBER | |
| control field | 1527 |
| 003 - CONTROL NUMBER IDENTIFIER | |
| control field | FISKH |
| 005 - DATE AND TIME OF LATEST TRANSACTION | |
| control field | 20250527161616.0 |
| 008 - FIXED-LENGTH DATA ELEMENTS--GENERAL INFORMATION | |
| fixed length control field | 230904b cb ||||| |||| 00| 0 khr d |
| 020 ## - INTERNATIONAL STANDARD BOOK NUMBER | |
| International Standard Book Number | 9789995054861 |
| 040 ## - CATALOGING SOURCE | |
| Original cataloging agency | FISKH |
| Language of cataloging | eng |
| Transcribing agency | FISKH |
| Modifying agency | FISKH |
| 082 ## - DEWEY DECIMAL CLASSIFICATION NUMBER | |
| Classification number | 796.53 |
| 100 ## - MAIN ENTRY--PERSONAL NAME | |
| Personal name | Mengchheang, Sungheng |
| 245 ## - TITLE STATEMENT | |
| Title | ភាគខាងត្បូងនិងតំបន់មាត់សមុទ្រកម្ពុជា / |
| Remainder of title | យល់ដឹងពី: |
| Statement of responsibility, etc. | និពន្ធដោយ ស៊ុនហេង ម៉េងឈាង - អត្ថបទអំពីខេត្តកណ្ដាល កំពង់ស្ពឺ ស្វាយរៀង ដោយ ស៊ុន សុគន្ធមាលា |
| 250 ## - EDITION STATEMENT | |
| Edition statement | បោះពុម្ពលើកទី ៤ វិច្ឆិកា ២០១៩ |
| 260 ## - PUBLICATION, DISTRIBUTION, ETC. | |
| Place of publication, distribution, etc. | Phnom Penh : |
| Name of publisher, distributor, etc. | Sipar, |
| Date of publication, distribution, etc. | 2019. |
| 300 ## - PHYSICAL DESCRIPTION | |
| Extent | 39 pages : |
| Other physical details | map ; color illustrations ; |
| Dimensions | 20 cm |
| 490 ## - SERIES STATEMENT | |
| Series statement | ខ្ញុំចង់ដឹង |
| 505 ## - FORMATTED CONTENTS NOTE | |
| Formatted contents note | Z'<br/> |
| 520 ## - SUMMARY, ETC. | |
| Summary, etc. | ស្វែងយល់ពីភាគខាងត្បូង និងឆ្នេរសមុទ្រនៃប្រទេសកម្ពុជា ផ្តល់ព័ត៌មានអំពីជីវិតនៃតំបន់ភាគខាងត្បូង និងឆ្នេរសមុទ្រចាប់ផ្តើមពីខេត្តកណ្តាល ព្រៃវែង ស្វាយរៀង កំពង់ស្ពឺ តាកែវ កោះកុង ព្រះសីហនុ កំពត កែប និងវៀតណាម ដែលជាប្រទេសជិតខាងរបស់យើង។ |
| 520 ## - SUMMARY, ETC. | |
| Summary, etc. | The book provides information about life in the southern and coastal areas of Cambodia. It starts from Kandal, Prey Veng, Svay Rieng, Kampong Speu, Takeo, Koh Kong, Sihanouk Ville, Kampot, Kep, and Vietnam, a neighboring country. |
| 521 8# - TARGET AUDIENCE NOTE | |
| Target audience note | 1000<br/> |
| Source | Lexile estimate<br/> |
| 521 8# - TARGET AUDIENCE NOTE | |
| Target audience note | Z'<br/> |
| Source | Raz-Plus<br/> |
| 650 ## - SUBJECT ADDED ENTRY--TOPICAL TERM | |
| Topical term or geographic name entry element | ធម្មជាតិ |
| Form subdivision | ឆ្នេរសមុទ្រ |
| General subdivision | ប៉ែកខាងត្បូង |
| 650 ## - SUBJECT ADDED ENTRY--TOPICAL TERM | |
| Topical term or geographic name entry element | Nature |
| Form subdivision | Coastal area |
| General subdivision | Southern |
| 942 ## - ADDED ENTRY ELEMENTS (KOHA) | |
| Source of classification or shelving scheme | Dewey Decimal Classification |
| Koha item type | Books |
| Suppress in OPAC | No |
| Withdrawn status | Lost status | Source of classification or shelving scheme | Damaged status | Not for loan | Collection | Home library | Current library | Shelving location | Date acquired | Total Checkouts | Full call number | Barcode | Date last seen | Copy number | Price effective from | Koha item type | Date last checked out |
|---|---|---|---|---|---|---|---|---|---|---|---|---|---|---|---|---|---|
| Dewey Decimal Classification | Khmer Non-Fiction / សៀវភៅខ្មែរ រឿងពិត | Footprints International School Library Network Toul Kork Campus | Footprints International School Library Network Toul Kork Campus | 09/04/2023 | MEN 796.53 | 2023-0460 | 09/04/2023 | 1 | 09/04/2023 | Khmer Books | |||||||
| Dewey Decimal Classification | Khmer Non-Fiction / សៀវភៅខ្មែរ រឿងពិត | Footprints International School Library Network Toul Kork Campus | Footprints International School Library Network Toul Kork Campus | 09/04/2023 | MEN 796.53 | 2023-0461 | 11/21/2025 | 2 | 09/04/2023 | Khmer Books | |||||||
| Dewey Decimal Classification | Khmer Non-Fiction / សៀវភៅខ្មែរ រឿងពិត | Footprints International School Library Network Toul Kork Campus | Footprints International School Library Network Toul Kork Campus | 09/04/2023 | MEN 796.53 | FISTK03726 | 10/10/2023 | 3 | 09/04/2023 | Khmer Books | |||||||
| Dewey Decimal Classification | Khmer Non-Fiction / សៀវភៅខ្មែរ រឿងពិត | Footprints International School Library Network Toul Kork Campus | Footprints International School Library Network Toul Kork Campus | TK Old Khmer Books (Rear Hallway Shelf 3) | 03/26/2024 | 1 | MEN 796.53 | FISTK03727 | 06/19/2025 | 4 | 03/26/2024 | Khmer Books | 05/26/2025 | ||||
| Dewey Decimal Classification | Khmer Non-Fiction / សៀវភៅខ្មែរ រឿងពិត | Footprints International School Library Network Toul Tom Poung Campus | Footprints International School Library Network Toul Tom Poung Campus | TTP Secondary Khmer Bookshelves | 03/26/2024 | MEN 796.53 | FIS20500 | 09/20/2024 | 4 | 03/26/2024 | Khmer Books | ||||||
| Dewey Decimal Classification | Khmer Non-Fiction / សៀវភៅខ្មែរ រឿងពិត | Footprints International School Library Network Toul Tom Poung Campus | Footprints International School Library Network Toul Tom Poung Campus | TTP Primary Khmer Bookshelves | 03/26/2024 | 1 | MEN 796.53 | FISSE02333 | 03/11/2025 | 5 | 03/26/2024 | Khmer Books | 03/11/2025 | ||||
| Dewey Decimal Classification | Khmer Non-Fiction / សៀវភៅខ្មែរ រឿងពិត | Footprints International School Library Network Toul Tom Poung Campus | Footprints International School Library Network Toul Tom Poung Campus | TTP Secondary Khmer Bookshelves | 04/01/2025 | MEN 796.53 | FIS03963 | 04/01/2025 | 6 | 04/01/2025 | Khmer Books |
